Sports Quiz

Random Sports or War Quiz

MLB Leaders: Black, Latin & Asian Players by Career WAR Quiz Stats

 Plays Quiz not verified by Sporcle

Score 0/300 Timer 20:00
0 Plays Today
WAR Player % Correct
162.8Barry Bonds
98.6%
27.2Lee May
98.6%
156.4Willie Mays
98.6%
117.8Álex Rodríguez
98.6%
83.8Ken Griffey Jr.
98.6%
Iván Rodríguez
98.6%
57.9Bobby Bonds
98.6%
Francisco Rodríguez
98.6%
61.4Jackie Robinson
97.9%
63.7Billy Williams
97.9%
Bernie Williams
97.9%
143.0Hank Aaron
97.9%
107.3Frank Robinson
97.9%
95.7Adrián Beltré
97.9%
94.5Roberto Clemente
97.9%
123.1Ted Williams
97.9%
38.1Hanley Ramírez
97.2%
Lee Smith
97.2%
84.0Pedro Martínez
97.2%
49.0Dennis Martínez
97.2%
Aramis Ramírez
97.2%
76.9Ozzie Smith
97.2%
Manny Ramírez
97.2%
69.2Robinson Canó
97.2%
58.6Sammy Sosa
97.2%
Lonnie Smith
97.2%
34.5Ken Griffey
97.2%
29.0Tino Martinez
97.2%
37.1Russell Martin
97.2%
Victor Martinez
97.2%
72.4Derek Jeter
97.2%
68.4Edgar Martínez
97.2%
64.6Reggie Smith
97.2%
25.9Ramón Martínez
97.2%
69.4Miguel Cabrera
96.5%
100.0Albert Pujols
96.5%
73.9Frank Thomas
96.5%
26.2Asdrúbal Cabrera
96.5%
69.8Carlos Beltrán
95.7%
89.4Bob Gibson
95.7%
60.4Keith Hernandez
95.7%
59.3Ichiro Suzuki
95.7%
Tony Gwynn
95.7%
50.9Félix Hernández
95.7%
Liván Hernández
95.7%
23.3Orlando Hernández
95.7%
70.4Barry Larkin
95%
Adrián González
95%
Juan González
95%
Gio González
95%
59.4Vladimir Guerrero
95%
Pedro Guerrero
95%
74.0Reggie Jackson
95%
51.8Luis Gonzalez
95%
62.8Andruw Jones
95%
27.0Tony González
95%
32.4Adam Jones
95%
24.7Carlos González
95%
67.1Roberto Alomar
94.3%
27.6Dave Henderson
94.3%
55.3David Ortiz
94.3%
111.2Rickey Henderson
94.3%
67.5Ernie Banks
93.6%
44.4Carlos Delgado
93.6%
71.9Rafael Palmeiro
93.6%
56.2Mariano Rivera
93.6%
60.5Gary Sheffield
93.6%
36.1Eric Davis
92.9%
64.8Andre Dawson
92.9%
60.7Willie Davis
92.9%
64.2Dave Winfield
92.9%
38.3Chili Davis
92.9%
68.7Eddie Murray
92.9%
100.6Joe Morgan
92.9%
64.5Willie McCovey
92.2%
57.5Willie Stargell
91.5%
68.3Kenny Lofton
91.5%
50.1Torii Hunter
91.5%
46.3Jimmy Rollins
91.5%
51.6Johan Santana
91.5%
62.7CC Sabathia
91.5%
Carlos Santana
91.5%
Ervin Santana
91.5%
Nomar Garciaparra
90.8%
81.3Rod Carew
90.8%
Tim Raines
90.8%
Magglio Ordóñez
90.8%
Mike Garcia
90.8%
54.0Tony Pérez
90.8%
34.4Freddy García
90.8%
28.6Alex Fernandez
90.1%
42.0Andrew McCutchen
90.1%
32.8Sid Fernandez
90.1%
Tony Fernández
90.1%
35.6José Bautista
89.4%
54.4José Cruz
89.4%
33.4Nelson Cruz
89.4%
47.7Curtis Granderson
89.4%
52.6Fred McGriff
89.4%
60.0Bobby Abreu
89.4%
WAR Player % Correct
Don Wilson
88.7%
Earl Wilson
88.7%
40.1Albert Belle
88.7%
Willie Wilson
88.7%
53.0Dwight Gooden
88.7%
Jorge Posada
88.7%
Jim Rice
88.7%
38.9Yadier Molina
88.7%
47.3Miguel Tejada
88.7%
Darryl Strawberry
88.7%
34.6Derrek Lee
87.9%
28.3Carlos Lee
87.9%
51.9Evan Longoria
87.2%
42.2Felipe Alou
87.2%
34.8Frank White
87.2%
Rondell White
87.2%
46.8Roy White
87.2%
84.4Fergie Jenkins
87.2%
38.6Bill White
87.2%
Devon White
87.2%
51.1Kirby Puckett
87.2%
39.9Moises Alou
87.2%
Elston Howard
87.2%
65.9Willie Randolph
86.5%
38.7Harold Baines
86.5%
75.1Lou Whitaker
86.5%
37.5Eric Chávez
86.5%
56.4Johnny Damon
85.8%
Vernon Wells
85.8%
63.0Juan Marichal
85.8%
45.6Omar Vizquel
85.8%
29.7Javy López
85.8%
Giancarlo Stanton
85.1%
50.2Orlando Cepeda
84.4%
66.5Luis Tiant
84.4%
35.8José Reyes
84.4%
31.1Brandon Phillips
84.4%
Tony Phillips
84.4%
44.0Carlos Zambrano
83.7%
34.1Roy Campanella
83.7%
31.7Andrés Galarraga
83.7%
42.4José Canseco
83%
Edwin Encarnación
83%
41.6Fernando Valenzuela
83%
37.9David Price
83%
38.5Lefty Gomez
82.9%
Lance Johnson
82.3%
49.8Ellis Burks
82.3%
39.2Carl Crawford
82.3%
35.1José Altuve
82.3%
Dave Concepción
81.6%
Manny Machado
81.6%
35.2Mookie Betts
81.6%
25.1Carlos Peña
81.6%
Tony Peña
81.6%
44.2George Foster
80.1%
30.2Bobby Bonilla
79.4%
45.3Lou Brock
79.4%
46.1Bartolo Colon
78.7%
55.8Luis Aparicio
78.7%
58.7Dick Allen
78.7%
Dave Parker
78.7%
32.2Johnny Cueto
78.7%
36.0Cecil Cooper
78%
Andrelton Simmons
78%
35.0Justin Upton
78%
Carlos Gómez
78%
28.2Alfonso Soriano
77.3%
43.5Julio Franco
77.3%
50.5Minnie Miñoso
77.3%
Jason Heyward
76.6%
33.1Nolan Arenado
76.6%
45.4Vida Blue
76.6%
40.6David Justice
75.9%
30.0Elvis Andrus
75.9%
25.7Garret Anderson
75.9%
49.6Larry Doby
75.2%
46.7Mike Cameron
74.5%
34.2Willie McGee
74.5%
Mo Vaughn
73.8%
30.8Greg Vaughn
73.8%
38.2Ray Lankford
73.8%
Rafael Furcal
73.8%
32.3Edgar Rentería
73.8%
23.6Prince Fielder
73.8%
34.0Lorenzo Cain
73%
52.8César Cedeño
73%
45.9Javier Vázquez
72.3%
29.1Luis Castillo
72.3%
43.1Tony Oliva
71.6%
39.4Jesse Barfield
71.6%
41.5Plácido Polanco
71.6%
Melvin Mora
70.9%
29.6Marquis Grissom
70.9%
36.6José Rijo
70.9%
Shane Victorino
70.9%
Shannon Stewart
70.9%
26.5Dave Stewart
70.9%
39.7Maury Wills
70.2%
Ron Gant
70.2%
WAR Player % Correct
53.1Bert Campaneris
69.5%
27.7Carlos Guillén
68.8%
Davey Lopes
68.1%
55.9Jim Wynn
68.1%
29.5Raúl Mondesi
68.1%
27.9Hal McRae
68.1%
Terry Pendleton
66.7%
28.5Don Baylor
66.7%
Benito Santiago
66.7%
55.6Chet Lemon
66%
54.3Vada Pinson
66%
39.8Reggie Sanders
65.2%
41.8Ken Singleton
65.2%
38.0Don Newcombe
64.5%
Ben Oglivie
63.8%
41.9Curt Flood
63.8%
23.9Francisco Lindor
63.8%
42.8Amos Otis
63.1%
33.2Dwayne Murphy
63.1%
34.9Tom Gordon
63.1%
30.4Gary Matthews
62.4%
30.3Howie Kendrick
62.4%
37.0Dusty Baker
62.4%
33.8Ray Durham
61.7%
43.7Al Oliver
61%
Starling Marté
61%
28.8Edgardo Alfonzo
60.3%
Aníbal Sánchez
59.6%
30.5Teddy Higuera
58.2%
Bill Madlock
58.2%
31.6José Valentín
58.2%
Lloyd Moseby
57.4%
Jhonny Peralta
57.4%
Mike Lowell
57.4%
36.5George Scott
56.7%
Coco Crisp
56.7%
33.3Shin-Soo Choo
56.7%
Kevin Mitchell
56.7%
Mario Soto
56%
Erick Aybar
54.6%
Garry Templeton
53.2%
32.9Brian Jordan
53.2%
John Mayberry
53.2%
37.8Paul Blair
53.2%
Manny Sanguillén
52.5%
32.6Rico Carty
52.5%
36.8Garry Maddox
52.5%
27.4Álex Ríos
51.1%
27.5Chris Chambliss
50.4%
26.0Cliff Floyd
50.4%
Juan Guzmán
50.4%
Grady Sizemore
48.2%
42.1John Candelaria
48.2%
23.5Ken Hill
48.2%
26.4Willie Horton
47.5%
40.7Junior Gilliam
46.8%
23.8José Quintana
45.4%
23.7Bronson Arroyo
45.4%
Danny Tartabull
45.4%
40.9Camilo Pascual
44%
29.3Martín Prado
43.3%
Andre Thornton
43.3%
27.1Mike Cuellar
42.6%
24.5Jake Arrieta
42.6%
Yunel Escobar
41.8%
Kelvim Escobar
41.8%
30.9Orlando Hudson
41.1%
Randy Winn
41.1%
32.7Mickey Rivers
40.4%
George Hendrick
39.7%
25.4Tommie Agee
39.7%
26.3Denard Span
38.3%
Hank Thompson
38.3%
Al Bumbry
37.6%
23.2


    David DeJesus             Jesse Orosco         Mike Torrez
36.9%
26.8Billy North
35.5%
36.3Don Buford
34.8%
Sixto Lezcano
34.8%
24.2Johnny Ray
34.8%
Juan Uribe
34%
24.9Jim Ray Hart
33.3%
24.4Delino DeShields
33.3%
28.4Bob Watson
32.6%
24.1Bobby Ojeda
32.6%
25.8Tommy Harper
31.2%
25.6Dave Cash
31.2%
Dickie Thon
31.2%
24.8Wilson Álvarez
30.5%
Randy Velarde
29.8%
27.8Bobby Avila
29.1%
Dolf Luque
27.7%
25.0Larry Hisle
27%
25.3Marlon Byrd
25.5%
César Tovar
23.4%
23.4Tony Taylor
23.4%
27.3Leo Cardenas
21.3%
Ismael Valdéz
21.3%
Pedro Astacio
19.9%
Stan Javier
11.3%
24.0John Briggs
7.1%

You're not logged in!

Compare scores with friends on all Sporcle quizzes.
OR
Log In

Sporcle TV

Today on Sporcle TV


Watch our educational content, quiz creation guides, and fun videos on Sporcle TV.

Show Comments

Extras

Top Quizzes Today


Score Distribution

Your Account Isn't Verified!

In order to create a playlist on Sporcle, you need to verify the email address you used during registration. Go to your Sporcle Settings to finish the process.

Report this User

Report this user for behavior that violates our Community Guidelines.

Details: